00370nam a2200133Ia 4500003000400000005001700004008004100021040000900062082002000071100002000091245006600111260005100177300000800228OSt20200611151919.0190216s9999||||xx |||||||||||||| ||und|| coclc a700.4113bRAV/P aRaveendran, P P 0aPostmodernism In Positions And Perspectives /cP P Raveendran bCosmos Bookhive Publishers,aThrissur:c2000. a34p